Statistics for Geography by Picture - O

Click here to take the quiz!

General Stats

  • This quiz has been taken 23,823 times
  • The average score is 11 of 18

Answer Stats

Answer% Correct
Oasis
93%
Oman
92%
Oklahoma
88%
Orlando
84%
Obelisk
75%
Oahu
64%
Oktoberfest
62%
Oakland
60%
OPEC
60%
Olympia
57%
Okinawa
54%
Outback
52%
Ottawa
49%
Orkney Islands
46%
Oxford
43%
Oaxaca
31%
The Ozarks
28%
Orleans
25%

Score Distribution

Percentile by Number Answered

Percent of People with Each Score

Your Score History

You have not taken this quiz